<?xml version="1.0" encoding="UTF-8"?>
<marc:record xmlns:marc="http://www.loc.gov/MARC21/slim">
   <marc:leader>00000nam a2200000 a 4500</marc:leader>
   <marc:datafield ind1="1" ind2=" " tag="100">
      <marc:subfield code="a">Krömmelbein, Silvia</marc:subfield>
      <marc:subfield code="4">aut</marc:subfield>
      <marc:subfield code="e">Verfasser/-in</marc:subfield>
   </marc:datafield>
   <marc:datafield ind1=" " ind2=" " tag="653">
      <marc:subfield code="a">Arbeitswelt</marc:subfield>
   </marc:datafield>
   <marc:datafield ind1=" " ind2=" " tag="653">
      <marc:subfield code="a">Strukturwandel</marc:subfield>
   </marc:datafield>
   <marc:datafield ind1=" " ind2=" " tag="653">
      <marc:subfield code="a">Kommunikation</marc:subfield>
   </marc:datafield>
   <marc:datafield ind1=" " ind2=" " tag="653">
      <marc:subfield code="a">Arbeitssoziologie</marc:subfield>
   </marc:datafield>
   <marc:datafield ind1=" " ind2=" " tag="653">
      <marc:subfield code="a">Softcover</marc:subfield>
   </marc:datafield>
   <marc:datafield ind1=" " ind2=" " tag="653">
      <marc:subfield code="a">Karte</marc:subfield>
   </marc:datafield>
   <marc:datafield ind1=" " ind2=" " tag="653">
      <marc:subfield code="a">Gesellschaft</marc:subfield>
   </marc:datafield>
   <marc:datafield ind1=" " ind2=" " tag="653">
      <marc:subfield code="a">Arbeit / Arbeit</marc:subfield>
   </marc:datafield>
   <marc:datafield ind1="0" ind2="0" tag="245">
      <marc:subfield code="a">Kommunikativer Stress in der Arbeitswelt</marc:subfield>
   </marc:datafield>
   <marc:datafield ind1="0" ind2="0" tag="245">
      <marc:subfield code="b">Zusammenhänge von Arbeit, Interaktion und Identität</marc:subfield>
   </marc:datafield>
   <marc:datafield ind1="0" ind2="0" tag="245">
      <marc:subfield code="c">Silvia Krömmelbein</marc:subfield>
   </marc:datafield>
   <marc:datafield ind1=" " ind2="1" tag="264">
      <marc:subfield code="a">Berlin</marc:subfield>
      <marc:subfield code="b">Ed. Sigma</marc:subfield>
      <marc:subfield code="c">2004</marc:subfield>
   </marc:datafield>
   <marc:datafield ind1="1" ind2=" " tag="520">
      <marc:subfield code="a">Der Haupttrend der Reorganisation von Arbeit zielte in den letzten Jahren auf weniger Kontrolle und stärkere Selbststeuerung in flacheren Hierarchien sowie höhere Eigenverantwortung und -koordination, oft in gruppen- und teamorientierten Strukturen. Wo diese Prinzipien - in der Soziologie oft als Subjektivierung bezeichnet - realisiert werden, nehmen horizontale Arbeitskommunikationen vielfach spürbar zu, die Anteile direkter sozialer Interaktion steigen an. Gleichwohl entstehen hier nicht "herrschaftsfreie Räume" des einvernehmlichen Diskurses; Arbeit bleibt durch marktliche und hierarchische Koordination strukturiert, sie steht unter (zeit-)ökonomischen Zwängen, und die Beschäftigten sind gefordert, ihre persönliche Balance von Identifikation mit und Distanz zu ihrer Arbeitsrolle neu zu finden, konsensuelle und konkurrenzbetonte Ziele neu auszutarieren. Die Autorin stellt in diesem Buch die kommunikative Erweiterung der Handlungsspielräume in der Arbeitswelt erstmals ins Zentrum. Sie zeigt, daß damit nicht nur positive Effekte für Ich-Identität und Interaktionskompetenz verbunden sind, sondern auch neue Formen kommunikativen Stresses entstehen können, wenn die oft kaum noch wahrgenommene hierarchische Struktur auf die intersubjektiv-horizontale Ebene durchschlägt.</marc:subfield>
   </marc:datafield>
   <marc:datafield ind1=" " ind2=" " tag="020">
      <marc:subfield code="a">9783894045128</marc:subfield>
      <marc:subfield code="9">9783894045128</marc:subfield>
   </marc:datafield>
   <marc:datafield ind1=" " ind2=" " tag="020">
      <marc:subfield code="a">3894045124</marc:subfield>
      <marc:subfield code="9">3894045124</marc:subfield>
   </marc:datafield>
   <marc:datafield ind1=" " ind2=" " tag="041">
      <marc:subfield code="a">ger</marc:subfield>
   </marc:datafield>
   <marc:datafield ind1=" " ind2=" " tag="300">
      <marc:subfield code="a">248 S.</marc:subfield>
   </marc:datafield>
</marc:record>
